000 00503nam a2200145Ia 4500
008 090124s9999 xx 000 0 und d
082 _b403066
245 _a मुलांसाठी मनोरंजक गोष्टी
250 _a1
260 _bपाटील एकनाथ
_c1994
300 _a64
630 _a मुलांसाठी मनोरंजक गोष्टी
730 _a मुलांसाठी मनोरंजक गोष्टी
942 _cBOOK
999 _c199529
_d199529